Target 2010 (Record no. 105267)
[ view plain ]
| 000 -LEADER | |
|---|---|
| fixed length control field | 01146cam a2200205 4500 |
| 001 - CONTROL NUMBER | |
| control field | ##L132873 |
| 008 - FIXED-LENGTH DATA ELEMENTS--GENERAL INFORMATION | |
| fixed length control field | 060316n2006 000 0 eng u |
| 020 ## - INTERNATIONAL STANDARD BOOK NUMBER | |
| International Standard Book Number | 1857169077 |
| 035 ## - SYSTEM CONTROL NUMBER | |
| System control number | (Sirsi) u132873 |
| 041 0# - LANGUAGE CODE | |
| Language code of text/sound track or separate title | eng |
| 050 04 - LIBRARY OF CONGRESS CALL NUMBER | |
| Classification number | 639.9 $2 18 |
| 110 1# - MAIN ENTRY--CORPORATE NAME | |
| Corporate name or jurisdiction name as entry element | English Nature |
| 9 (RLIN) | 3309 |
| 245 00 - TITLE STATEMENT | |
| Title | Target 2010 |
| Remainder of title | the condition of England's Sites of Special Scientific Interest in 2005 |
| 260 ## - PUBLICATION, DISTRIBUTION, ETC. | |
| Place of publication, distribution, etc. | Peterborough |
| Name of publisher, distributor, etc. | English Nature |
| Date of publication, distribution, etc. | 2006 |
| 520 ## - SUMMARY, ETC. | |
| Summary, etc. | Reviews the current condition of the Sites of Special Scientific Interest (SSSIs) in England and details the progress made towards the government Public Service Agreement 2010 target since September 2003. Summarises the major factors affecting SSSI condition and the key actions that need to be carried out over the next five years if the target is to be achieved. |
| 590 ## - LOCAL NOTE (RLIN) | |
| Local note | IKA280306 |
| 690 ## - LOCAL SUBJECT ADDED ENTRY--TOPICAL TERM (OCLC, RLIN) | |
| Topical term or geographic name as entry element | ENVIRONMENTAL AND LAND CONSULTANCY-ENVIRONMENTAL MANAGEMENT-ENVIRONMENTAL CONSERVATION |
| 856 40 - ELECTRONIC LOCATION AND ACCESS | |
| Uniform Resource Identifier | <a href="https://www.english-nature.org.uk/pubs/publication/pub_results.asp?C=0&K=Target+2010&K2=&I=&A=&Submit1=Search">https://www.english-nature.org.uk/pubs/publication/pub_results.asp?C=0&K=Target+2010&K2=&I=&A=&Submit1=Search</a> |
| Public note | View the report free of charge at www.english-nature.org.uk... |
| 942 ## - ADDED ENTRY ELEMENTS (KOHA) | |
| Suppress in OPAC | 0 |
| Withdrawn status | Lost status | Source of classification or shelving scheme | Damaged status | Not for loan | Home library | Current library | Shelving location | Date acquired | Total Checkouts | Full call number | Barcode | Date last seen | Copy number | Price effective from | Koha item type |
|---|---|---|---|---|---|---|---|---|---|---|---|---|---|---|---|
| Dewey Decimal Classification | Virtual | Virtual | Online | 16/03/2006 | ONLINE PUBLICATION | 132873-2001 | 06/08/2019 | 1 | 06/08/2019 | Book |